Ecosystem geography: from ecoregions to sities

保存先:
書誌詳細
第一著者: Bailey, Robert G (著者)
フォーマット: 図書
言語:英語
出版事項: Fort Collins Springer 2009
版:1a. ed
主題:
タグ: タグ追加
タグなし, このレコードへの初めてのタグを付けませんか!

MARC

LEADER 00000cam a2200000 a 4500
001 UCD3847
003 CL-VaPUC
008 160616e20090000us |||||||||||||||||eng|d
020 |a 9780387895154 
082 0 4 |a 578.09  |b BAI  |2 21 
100 0 |a Bailey, Robert G  |e author  |9 587456 
245 1 0 |a Ecosystem geography: from ecoregions to sities 
250 |a 1a. ed 
300 |a 251 p 
942 |c BK 
945 |d 20160616 22:39:00  |a arojas 
260 |a Fort Collins  |b Springer  |c 2009 
500 |a Incluye mapa plegable 
650 0 |a Comunidades bióticas   |9 269776 
650 0 |a Ecosistemas  |9 261477 
650 0 |a Recursos naturales  |9 255232 
583 |a last modification  |c 20160616 22:39:00  |k Rodrigo Vera 
999 |c 364862  |d 364860 
952 |0 0  |1 0  |3 erb  |4 0  |6 578_090000000000000_BAI_2009  |7 0  |8 A  |9 478458  |a BIBING  |b BIBING  |i 5293294  |l 1  |o 578.09 BAI 2009  |p 5293294  |r 2025-01-20  |s 2024-01-30  |w 2019-11-24  |y BK  |z Catalogado en:20160616  |k GEO